<?xml version="1.0" encoding="UTF-8"?>
<record
    xmlns:xsi="http://www.w3.org/2001/XMLSchema-instance"
    xsi:schemaLocation="http://www.loc.gov/MARC21/slim http://www.loc.gov/standards/marcxml/schema/MARC21slim.xsd"
    xmlns="http://www.loc.gov/MARC21/slim">

  <leader>00265nam a22001097a 4500</leader>
  <controlfield tag="008">160523b        xxu||||| |||| 00| 0 eng d</controlfield>
  <datafield tag="082" ind1=" " ind2=" ">
    <subfield code="a">N895.513</subfield>
    <subfield code="b">K639a</subfield>
  </datafield>
  <datafield tag="100" ind1=" " ind2=" ">
    <subfield code="a">Niharika, Neelam Karki</subfield>
  </datafield>
  <datafield tag="245" ind1=" " ind2=" ">
    <subfield code="a">Arki aaemai</subfield>
  </datafield>
  <datafield tag="260" ind1=" " ind2=" ">
    <subfield code="a">Bhaktapur:</subfield>
    <subfield code="c">2070</subfield>
  </datafield>
  <datafield tag="942" ind1=" " ind2=" ">
    <subfield code="2">ddc</subfield>
    <subfield code="c">NCS</subfield>
  </datafield>
  <datafield tag="999" ind1=" " ind2=" ">
    <subfield code="c">78283</subfield>
    <subfield code="d">78272</subfield>
  </datafield>
  <datafield tag="952" ind1=" " ind2=" ">
    <subfield code="0">0</subfield>
    <subfield code="1">0</subfield>
    <subfield code="2">ddc</subfield>
    <subfield code="4">0</subfield>
    <subfield code="7">0</subfield>
    <subfield code="a">TUCL</subfield>
    <subfield code="b">TUCL</subfield>
    <subfield code="d">2016-05-23</subfield>
    <subfield code="l">1</subfield>
    <subfield code="o">N895.513 K639a</subfield>
    <subfield code="p">149006</subfield>
    <subfield code="r">2016-06-19 00:00:00</subfield>
    <subfield code="s">2016-05-23</subfield>
    <subfield code="w">2016-05-23</subfield>
    <subfield code="y">NCS</subfield>
  </datafield>
  <datafield tag="952" ind1=" " ind2=" ">
    <subfield code="0">0</subfield>
    <subfield code="1">0</subfield>
    <subfield code="2">ddc</subfield>
    <subfield code="4">0</subfield>
    <subfield code="7">0</subfield>
    <subfield code="a">TUCL</subfield>
    <subfield code="b">TUCL</subfield>
    <subfield code="c">NB</subfield>
    <subfield code="d">2017-11-27</subfield>
    <subfield code="l">1</subfield>
    <subfield code="o">N895.513 K639a</subfield>
    <subfield code="p">149608</subfield>
    <subfield code="r">2025-03-24 13:06:00</subfield>
    <subfield code="s">2025-03-09</subfield>
    <subfield code="w">2017-11-27</subfield>
    <subfield code="y">NCS</subfield>
  </datafield>
</record>
